Представление документа в формате RUSMARC

ПолеНазваниеЗначение
  Тип записи a
  Библиографический уровень m
001 Контрольный номер UONB/MAIN/f24900cb4b0341c48b76e27a193d5b44
005 Дата корректировки 20260512134804.0
010 Индекс ISBN __
d Цена 55 к.
9 Тираж 12000 экз.
100 Данные общей обработки __
a Данные общей обработки 20260512d1979 u y0rusy0189 ca
101 Язык документа 0_
a Язык текста rus
102 Страна публикации __
a Страна публикации RU
105 Кодированные данные (монография) __
a Кодированные данные (монография) a z 001yy
200 Заглавие и сведения об ответственности 1_
a Заглавие Звукофикация помещений
f Первые сведения об ответственности М. А. Сапожков
e Сведения, относящиеся к заглавию проектирование и расчет
203 Вид содержания и тип средства __
a Вид содержания Текст
b Характеристика содержания визуальный
c Тип средства непосредственный
210 Выходные данные 1_
a Место издания Москва
c Издательство Связь
d Дата издания 1979
215 Физическое описание __
a Объем 144 с.
d Формат 21 см
c Иллюстрации/тип воспроизводства ил.
320 Библиография __
a Библиография Библиогр.: с. 143
606 Тематические рубрики 0_
a Основная рубрика Залы
x Основная подрубрика Акустика
x Основная подрубрика Проектирование
606 Тематические рубрики 0_
a Основная рубрика Электроакустические аппаратуры
x Основная подрубрика Проектирование
610 Ключевые слова 0_
a Ключевые слова акустика прикладная; радиотехнические средства; электроакустическая аппаратура; залы акустика
675 Индекс УДК __
a Индекс УДК 6С2.9
686 Индексы других классификаций __
a Классификационный индекс 38.113
2 Код системы rubbk
700 Автор _1
a Фамилия Сапожков
b Имя (инициалы) М. А.
g Полное личное имя Михаил Андреевич
801 Источник записи _0
a Страна RU
b Организация Ульяновская ОНБ
c Дата составления 20260512
g Правила каталогизации RCR
801 Источник записи _1
a Страна RU
b Организация Ульяновская ОНБ
c Дата составления 20260512
g Правила каталогизации RCR
901 Тип документа __
t Тип документа m
909 Создатель записи __
b Дата создания записи 20260512
a Создатель записи Моргунова